| 000 | 00705ntm a22002537a 4500 | ||
|---|---|---|---|
| 005 | 20170306110254.0 | ||
| 008 | 170306b xxu||||| |||| 00| 0 spa d | ||
| 020 | _a9788492735655 | ||
| 041 | _aspa | ||
| 082 | _a651.53 P228t5 | ||
| 100 |
_aParera Pascual, Cristina _940862 |
||
| 245 | _aTécnicas de archivo y documentación en la empresa | ||
| 250 | _a5 edición | ||
| 260 | _aEspaña | ||
| 260 | _bFundación Confemetal | ||
| 260 | _c2016 | ||
| 300 | _a231 páginas | ||
| 650 |
_aARCHIVONOMÍA _92575 |
||
| 650 |
_aARCHIVO AUTOMATIZADO _940894 |
||
| 650 |
_aDOCUMENTACIÓN _99893 |
||
| 650 |
_aCLASIFICACIÓN DE ARCHIVOS _96772 |
||
| 650 |
_aCONSERVACIÓN DE DOCUMENTOS _92579 |
||
| 942 | _cBK | ||
| 999 |
_c8958 _d8958 |
||